MLB All-Time Statistical Leaders - Statistics

General Stats
  • This quiz has been taken 105 times
  • The average score is 32 of 60
Answer Stats
Stat # Answer % Correct
Home Runs 762 Barry Bonds
98%
Stolen Bases 1,406 Rickey Henderson
95%
Strikeouts 5,714 Nolan Ryan
91%
Hits 4,256 Pete Rose
91%
714 Babe Ruth
89%
3,771 Hank Aaron
89%
755 Hank Aaron
89%
Wins 511 Cy Young
85%
Saves 652 Mariano Rivera
85%
4,875 Randy Johnson
84%
417 Walter Johnson
83%
3,508 Walter Johnson
83%
696 Alex Rodriguez
80%
4,191 Ty Cobb
80%
897 Ty Cobb
80%
3,384 Albert Pujols
79%
703 Albert Pujols
79%
437 Francisco Rodriguez
74%
660 Willie Mays
74%
3,465 Derek Jeter
73%
355 Greg Maddux
69%
3,371 Greg Maddux
69%
630 Ken Griffey Jr.
65%
354 Roger Clemens
65%
4,672 Roger Clemens
65%
938 Lou Brock
62%
609 Sammy Sosa
62%
601 Trevor Hoffman
60%
612 Jim Thome
57%
3,430 Honus Wagner
54%
723 Honus Wagner
54%
422 Billy Wagner
53%
586 Frank Robinson
52%
478 Lee Smith
52%
4,136 Steve Carlton
49%
3,630 Stan Musial
46%
3,640 Tom Seaver
40%
390 Dennis Eckersley
37%
373 Christy Mathewson
36%
808 Tim Raines
36%
363 Warren Spahn
36%
3,514 Tris Speaker
35%
758 Vince Coleman
33%
3,419 Carl Yastrzemski
31%
3,701 Bert Blyleven
30%
3,319 Paul Molitor
28%
3,534 Gaylord Perry
23%
373 Grover Cleveland Alexander
22%
424 John Franco
22%
397 Kenley Jansen
22%
396 Craig Kimbrel
21%
914 Billy Hamilton
20%
3,574 Don Sutton
19%
741 Eddie Collins
16%
377 Joe Nathan
11%
342 Tim Keefe
9%
361 Kid Nichols
6%
365 Pud Galvin
6%
738 Max Carey
2%
742 Arlie Latham
1%
No matching quizzes found
Score Distribution
Percent of People with Each Score
Percentile by Number Answered
Your Score History
You have not taken this quiz